Catálogo

LA CULTURA, ESE BLANCO MOVIL (Registro nro. 53832)

Detalles MARC
000 -LEADER
fixed length control field 00653nam a2200193 a 4500
001 - CONTROL NUMBER
control field 53832
005 - DATE AND TIME OF LATEST TRANSACTION
control field 20180714044311.0
008 - FIXED-LENGTH DATA ELEMENTS--GENERAL INFORMATION
fixed length control field 140415s1989 mx 000 0 spa d
020 ## - INTERNATIONAL STANDARD BOOK NUMBER
International Standard Book Number 9683901778
041 ## - LANGUAGE CODE
Language code of text/sound track or separate title spa
082 ## - DEWEY DECIMAL CLASSIFICATION NUMBER
Classification number 306
Item number BEN
100 1# - MAIN ENTRY--PERSONAL NAME
Personal name BENEDETTI, MARIO
245 13 - TITLE STATEMENT
Title LA CULTURA, ESE BLANCO MOVIL
250 ## - EDITION STATEMENT
Edition statement 1a ed.
260 ## - PUBLICATION, DISTRIBUTION, ETC.
Place of publication, distribution, etc. MEXICO :
Name of publisher, distributor, etc. PATRIA,
Date of publication, distribution, etc. 1989
300 ## - PHYSICAL DESCRIPTION
Extent 238
Dimensions 12.2 x 0.4 x 19.4
520 ## - SUMMARY, ETC.
Summary, etc. LOS ARTICULOS, CONFERENCIAS, PONENCIAS Y ENSAYOS BREVES QUE REUNE ESTE VOLUMEN, SELECCIONADOS ENTRE LOS QUE PUBLICO BENEDETTI ENTRE 1979 Y 1988
650 14 - SUBJECT ADDED ENTRY--TOPICAL TERM
Topical term or geographic name entry element AUTORITARISMO
General subdivision CULTURA
-- AMERICA LATINA
-- LIBERTAD
Existencias
Withdrawn status Lost status Source of classification or shelving scheme Damaged status Not for loan Collection code Home library Current library Shelving location Date acquired Source of acquisition Inventory number Total Checkouts Full call number Barcode Date last seen Date last checked out Price effective from Koha item type
    Dewey Decimal Classification     General Biblioteca Karol Wojtyla Biblioteca Karol Wojtyla Sala general 03/12/2013 Compra 151000000000000000053675   306 BEN 80055 05/01/2026 19/01/2016 03/12/2013 Libro